V očakávaní spomalenia reformného procesu EBOR pripúšťa "ruské problémy" aj v krajinách strednej Európy

Podľa vyhlásenia Európskej banky pre obnovu a rozvoj (EBOR), ázijská kríza bola zaťažkávajúcou skúškou aj pre krajiny východnej Európy. Klesá ekonomická sila transformujúceho sa regiónu. Spamätávanie sa z pádu železnej opony. Rusko v očakávaní ďalšej inflácie. Kritika EBOR namierená na Rusko. EBOR p...

Descripción completa

Guardado en:
Detalles Bibliográficos
Formato: Capítulo de libro
Lenguaje:eslovaco
Materias:
Etiquetas: Agregar Etiqueta
Sin Etiquetas, Sea el primero en etiquetar este registro!

MARC

LEADER 00000naa a2200000 4500
001 r033416
005 20230824095728.1
041 0 |a slo 
044 |a SK 
245 1 0 |a V očakávaní spomalenia reformného procesu  |b EBOR pripúšťa "ruské problémy" aj v krajinách strednej Európy 
520 |a Podľa vyhlásenia Európskej banky pre obnovu a rozvoj (EBOR), ázijská kríza bola zaťažkávajúcou skúškou aj pre krajiny východnej Európy. Klesá ekonomická sila transformujúceho sa regiónu. Spamätávanie sa z pádu železnej opony. Rusko v očakávaní ďalšej inflácie. Kritika EBOR namierená na Rusko. EBOR prorokuje spomalenie reforiem vo všetkých krajinách bývalého východného bloku. 
610 2 0 |a reformy hospodárske 
610 2 0 |a transformácia 
610 2 0 |a SVE 
610 2 0 |a inflácia 
610 2 0 |a kríza hospodárska 
610 2 0 |a Slovensko 
610 2 0 |a Rusko 
610 2 0 |a Európska banka pre obnovu a rozvoj